Aufbau der Trophora Larve - Statistiken

Allgemein
  • Dieses Quiz wurde 12 mal gespielt
  • Das Durchschnittsergebnis liegt bei 6 aus 13
Antwortstatistiken
Bildquiz Antwort % Korrekt
3. Muskelzellen
100%
11. Mund
67%
1. Wimperschopf
67%
2. Scheitelplatte
67%
4. Darm
67%
6. Metatroch
67%
8. After
67%
10. Protonephridium
33%
12. Hyposphäre
33%
13. Episphäre
33%
5. Prototroch
33%
7. Mesoteloblast
0%
9. Telotroch
0%
Keine übereinstimmenden Quizze gefunden
Verteilung der Resultate
Anzahl Personen mit jedem Resultat
Perzentil nach korrekt beantworteten Fragen
Ihre Resultats-Entwicklung
Sie haben dieses Quiz noch nicht gespielt